La Convención Interamericana contra la corrupción: anotada y comentada
Guardado en:
| Hovedforfatter: | |
|---|---|
| Institution som forfatter: | |
| Format: | Ukendt |
| Udgivet: |
Buenos Aires:
Abeledo-Perrot
|
| Fag: | |
| Tags: |
Tilføj Tag
Ingen Tags, Vær først til at tagge denne postø!
|
MARC
| LEADER | 00000 a2200000 04500 | ||
|---|---|---|---|
| 001 | 19310 | ||
| 003 | |||
| 008 | 991231s d | ||
| 040 | |||
| 090 | |a 145601 | ||
| 100 | |a Manfroni, Carlos A. | ||
| 110 | |a OEA | ||
| 245 | |a La Convención Interamericana contra la corrupción: anotada y comentada | ||
| 260 | |a Buenos Aires: |b Abeledo-Perrot | ||
| 300 | |a 245 p. | ||
| 650 | |a PROBLEMAS SOCIALES | ||
| 650 | |a CORRUPCION | ||
| 650 | |a PREVENCION DEL DELITO | ||
| 999 | |c 1942 |d 1942 | ||
